Normal view
MARC view
- Uhlen Hop, Frederick
Entry Personal Name
001 - CONTROL NUMBER
- control field: 132599
003 - CONTROL NUMBER IDENTIFIER
- control field: NUST
005 - DATE AND TIME OF LATEST TRANSACTION
- control field: 20251229162142.0
008 - FIXED-LENGTH DATA ELEMENTS
- fixed length control field: 251229|| aca||aabn | a|a d
040 ## - CATALOGING SOURCE
- Original cataloging agency: NUST
- Transcribing agency: NUST
100 ## - HEADING--PERSONAL NAME
- Personal name: Uhlen Hop, Frederick
670 ## - SOURCE DATA FOUND
- Source citation: Work cat.: (NUST): Uhlen Hop, Frederick., Residential Remodeling and Renovation: Completing the Exterior and Interior of Your Home /, 1988.
